Protipovodňové opatrenia - prípadová štúdia Rača

Enregistré dans:
Détails bibliographiques
Auteur principal: Peťková, Zuzana (Auteur)
Autres auteurs: Čubanová, Lea (Directeur de thèse)
Format: Manuscrit Livre
Langue:slovaque
Publié: 2025
Sujets:
Accès en ligne:http://is.stuba.sk/zp/portal_zp.pl?podrobnosti=174678
CRZP
Tags: Ajouter un tag
Pas de tags, Soyez le premier à ajouter un tag!

MARC

LEADER 00000ntm a22000003a 4500
001 stuzp104853
003 SK-STU
005 20250730145603.4
007 ta
008 150427s2015----xo-----f-mn---000-0-slo-d
040 |a STU  |b slo 
041 0 |a slo 
100 1 |a Peťková, Zuzana  |u 010170  |4 aut  |U SvF Stavebná fakulta  |T SvF Katedra hydrotechniky  |X 120211  |U V170  |Y 17  |7 120211 
242 0 1 |a Flood protection measures - case study Rača  |y eng 
245 1 0 |a Protipovodňové opatrenia - prípadová štúdia Rača 
260 |c 2025 
650 4 |a polder  |2 slo 
650 4 |a nádrž  |2 slo 
650 4 |a povodeň  |2 slo 
650 4 |a flood  |2 eng 
650 4 |a emergency spillway  |2 eng 
650 4 |a flood wave  |2 eng 
700 1 |a Čubanová, Lea  |u 010170  |k Z1  |4 ths  |U SvF Stavebná fakulta  |T SvF Katedra hydrotechniky  |X 38291  |U V170  |Y 17  |7 A000038291 
856 4 |u http://is.stuba.sk/zp/portal_zp.pl?podrobnosti=174678 
856 4 |u https://opac.crzp.sk/?fn=detailBiblioForm&sid=C9A1C75A261DD259F9804C1E26A3  |z CRZP